000 00478cam a2200193ua 4500
020 _c3.00
041 _amal
_h
082 _a894.8121
_bACH/AA
100 _aAchutha Warrier, C .
245 _aAattakathakal Part 1 /
_cC.Achutha Warrier.
_hTextual Documents
250 _a5 /
_b.
260 _aKollam :
_bS.T Reddiar &Sons ,
_c1964.
300 _a720 ; .
365 _a3.00
504 _a
700 1 _aSreedharanunni, V.K .
942 _cBK
999 _c6506
_d6506